=LDR 00000nam 2200000 4500 =001 INLIS000000000036294 =005 20130612142105 =008 ***********************************Ind** =035 ##$$0010-061300000036294 =041 ##$$a Ind =082 ##$$a 813.083 =090 ##$$a 813.083, Bly k =100 ##$$a elas empat di matori towers, Enid Blyton ; alih bahasa, Djokolelano =245 ##$$a Kelas empat di matori towers, Enid Blyton ; alih bahasa, Djokolelano =260 ##$$a 2010 $b Jakarta =300 ##$$a 228 hlm, ilus, 20 cm =650 ##$$a Fiksi Indonesia-terjemahan =700 ##$$a Djokolelono =850 ##$$a NBPNMAT